| 000 | 00752nam a2200229 u 4500 | ||
|---|---|---|---|
| 005 | 20251205063958.0 | ||
| 008 | 120808s19942008 r 000 0 eng d | ||
| 020 | _a9789683909299 (13 dígitos) | ||
| 020 | _a9683909299 (10 dígitos) | ||
| 035 | _aUPN01000185964 | ||
| 049 | _aCG | ||
| 050 | 4 |
_aRC552 E1.8 _bL4.2 |
|
| 100 | 1 |
_aL., Elizabeth _933036 |
|
| 245 | 1 | 0 |
_aComedores compulsivos / _cElizabeth L. ; tr. Carmina Lozano. |
| 260 |
_aMéxico : _bPatria, _c1994 (2008 impr.). |
||
| 300 | _a[280] p. | ||
| 440 | 0 | _aAutoayuda y codependencia | |
| 534 |
_pTítulo original: _tFood for thought : daily meditation for overeaters |
||
| 650 | 2 |
_aTrastornos de la conducta alimenticia _9383 |
|
| 650 | 4 |
_aTECNICAS DE AUTOAYUDA _9377 |
|
| 905 | _aLibro | ||
| 999 |
_c158067 _d158067 |
||